[Event "LLO18/19"]
[Site "Mecklenburg-Vorpommern"]
[Date "2019.02.24"]
[Round "6.4"]
[White "Pawlowicz, Karsten"]
[Black "Baier, Karsten"]
[Result "1/2-1/2"]
[WhiteElo "1635"]
[BlackElo "1875"]
[PlyCount "102"]
[EventDate "2018.??.??"]
[EventType "team-tourn"]
[EventRounds "9"]
[EventCountry "GER"]
[WhiteTeam "RUGIA Bergen"]
[BlackTeam "SG Neubrandenburg"]
[WhiteTeamCountry "GER"]
[BlackTeamCountry "GER"]

1. Nf3 Nf6 2. g3 g6 3. Bg2 Bg7 4. d4 d5 5. Nc3 O-O 6. O-O c6 7. Bg5 Nbd7 8. e3
h6 9. Bxf6 Bxf6 10. Ne2 e5 11. dxe5 Nxe5 12. Nxe5 Bxe5 13. c3 Bg4 14. Qd2 Qc7
15. Nd4 Kh7 16. e4 dxe4 17. Bxe4 Rad8 18. Qe3 Bxd4 19. cxd4 Qb6 20. Qf4 Bh3 21.
Rfd1 f5 22. Bg2 Bxg2 23. Kxg2 Rfe8 24. Re1 Qa5 25. Re3 Qd5+ 26. Kg1 g5 27. Qf3
Qxf3 28. Rxf3 Rxd4 29. Rxf5 Kg6 30. Rf3 g4 31. Rb3 Re7 32. a4 Rd2 33. a5 Rf7
34. Rf1 Rd5 35. a6 b6 36. Rc3 Rf6 37. b4 Rd2 38. Rc4 h5 39. Rfc1 Rdxf2 40. Rxc6
Rf1+ 41. Kg2 Rxc1 42. Rxc1 b5 43. Rc5 Rxa6 44. Rxb5 Ra2+ 45. Kg1 Rb2 46. Ra5
Rxb4 47. Rxa7 Rb5 48. Ra2 Kf5 49. Kf2 Ke4 50. Ke2 Rb4 51. Rc2 Ra4 1/2-1/2

[Event "LLO18/19"]
[Site "Mecklenburg-Vorpommern"]
[Date "2019.02.24"]
[Round "6.5"]
[White "Lichte, Martin"]
[Black "Scheel, Manfred"]
[Result "1-0"]
[WhiteElo "1870"]
[BlackElo "1611"]
[PlyCount "43"]
[EventDate "2018.??.??"]
[EventType "team-tourn"]
[EventRounds "9"]
[EventCountry "GER"]
[WhiteTeam "SG Neubrandenburg"]
[BlackTeam "RUGIA Bergen"]
[WhiteTeamCountry "GER"]
[BlackTeamCountry "GER"]

1. Nf3 d6 2. g3 Nf6 3. Bg2 e5 4. d3 Be7 5. O-O O-O 6. c4 Bd7 7. Nc3 Qc8 8. d4
exd4 9. Nxd4 c5 10. Ndb5 Rd8 11. Nxd6 Bxd6 12. Qxd6 Be6 13. Qf4 Rd4 14. Qf3 Nc6
15. Nb5 Rd7 16. b3 a6 17. Nc3 Bg4 18. Qe3 Nd4 19. Qe5 Ra7 20. Bg5 Ne8 21. Nd5
Kh8 22. Nb6 1-0

[Event "LLO18/19"]
[Site "Mecklenburg-Vorpommern"]
[Date "2019.02.24"]
[Round "6.6"]
[White "Jepp, Wolfgang"]
[Black "Kunow, Frank"]
[Result "0-1"]
[WhiteElo "1574"]
[BlackElo "1891"]
[PlyCount "79"]
[EventDate "2018.??.??"]
[EventType "team-tourn"]
[EventRounds "9"]
[EventCountry "GER"]
[WhiteTeam "RUGIA Bergen"]
[BlackTeam "SG Neubrandenburg"]
[WhiteTeamCountry "GER"]
[BlackTeamCountry "GER"]

1. e4 g6 2. Nf3 Bg7 3. d4 a6 4. Be3 d6 5. Nc3 b5 6. a3 Bb7 7. Be2 Nd7 8. O-O c5
9. dxc5 dxc5 10. Rb1 Nh6 11. h3 f6 12. Qd2 Nf7 13. Rfd1 Qc7 14. Nd5 Bxd5 15.
Qxd5 Rc8 16. c4 Nb6 17. Qd2 bxc4 18. Bf4 e5 19. Be3 O-O 20. Qc2 Nd6 21. Nd2 Nb5
22. Bxc4+ Kh8 23. Bxb5 axb5 24. Qb3 Qc6 25. f3 Rfd8 26. Qc2 c4 27. Nf1 Bf8 28.
Rxd8 Rxd8 29. Rd1 Rxd1 30. Qxd1 Be7 31. Qd2 Na4 32. Ng3 Qd6 33. Qc1 Qd3 34. Kf2
Qb3 35. Ne2 Nxb2 36. Qd2 Nd1+ 37. Ke1 Nxe3 38. Qd7 Nc2+ 39. Kf2 Qxa3 40. Qxb5
0-1

[Event "LLO18/19"]
[Site "Mecklenburg-Vorpommern"]
[Date "2019.02.24"]
[Round "6.7"]
[White "Witkowski, Rainer"]
[Black "Feldt, Horst"]
[Result "1-0"]
[WhiteElo "1819"]
[BlackElo "1561"]
[PlyCount "131"]
[EventDate "2018.??.??"]
[EventType "team-tourn"]
[EventRounds "9"]
[EventCountry "GER"]
[WhiteTeam "SG Neubrandenburg"]
[BlackTeam "RUGIA Bergen"]
[WhiteTeamCountry "GER"]
[BlackTeamCountry "GER"]

{[%evp 0,79,25,25,95,86,91,78,132,89,89,80,87,70,49,34,55,65,71,70,76,5,104,88,
86,88,87,82,140,144,139,179,204,115,141,76,130,45,42,42,60,59,54,52,58,61,51,
35,46,15,15,0,3,-17,-26,-38,-37,-39,-39,-38,-34,-33,-17,-32,-11,-48,-41,-128,
-104,-258,-234,-294,-320,-538,-579,-650,-684,-763,-655,-671,-645,-624]} 1. e4
d5 2. exd5 Nf6 3. Nc3 Nxd5 4. Nxd5 Qxd5 5. Qf3 c6 6. Qxd5 cxd5 7. b3 e5 8. Bb2
Bd6 9. O-O-O O-O 10. d4 e4 11. f3 f5 12. c4 Be6 13. fxe4 fxe4 14. cxd5 Bxd5 15.
Nh3 Nc6 16. Kb1 Rf6 17. Bc4 Nb4 18. Ng5 Re8 19. Rhe1 Bxc4 20. bxc4 Bxh2 21. d5
Rg6 22. Nxe4 Rd8 23. g3 Bxg3 24. Rg1 Bf4 25. Rxg6 hxg6 26. Nc5 Rc8 27. Nxb7
Rxc4 28. d6 Nc6 29. d7 Rb4 30. d8=Q+ Nxd8 31. Rxd8+ Kh7 32. Nd6 g5 33. Kc2 Rb6
34. Nc4 Rg6 35. Ne5 Re6 36. Rd5 Kh6 37. a4 Kh5 38. Kd3 Kh4 39. Ke4 g6 40. Kf3
Bxe5 41. Bxe5 g4+ 42. Kg2 g5 43. Bg3+ Kh5 44. Bf4 Rg6 45. Be3 a6 46. a5 Kh4 47.
Bf2+ Kh5 48. Rd8 Re6 49. Ra8 Rc6 50. Bb6 (50. Rb8 $1) 50... Rc2+ 51. Kg3 Rc3+
52. Kf2 g3+ 53. Ke2 Kg4 54. Rxa6 Rc2+ 55. Kd3 Ra2 56. Ra8 g2 57. a6 Ra3+ 58.
Ke4 Ra1 $2 (58... Rb3 $11 59. Bc5 Rb5 60. Be3 Rb3) (58... Ra4+ $11 59. Kd3 Rb4
60. Bc5 Rb5 61. Bf2 (61. Bd4 Rd5 $19) 61... Rb2 62. Bd4 (62. Bc5 Rb5) 62... Rb1
63. a7 Rd1+ $19) 59. a7 Re1+ 60. Kd3 g1=Q 61. Bxg1 Rxg1 62. Rf8 Ra1 63. a8=Q
Rxa8 64. Rxa8 Kg3 65. Ke3 Kg4 66. Rg8 1-0

[Event "LLO18/19"]
[Site "Mecklenburg-Vorpommern"]
[Date "2019.02.24"]
[Round "6.8"]
[White "Steinbrecher, Marco"]
[Black "Hartung, Lothar"]
[Result "0-1"]
[WhiteElo "1469"]
[BlackElo "1774"]
[PlyCount "104"]
[EventDate "2018.??.??"]
[EventType "team-tourn"]
[EventRounds "9"]
[EventCountry "GER"]
[WhiteTeam "RUGIA Bergen"]
[BlackTeam "SG Neubrandenburg"]
[WhiteTeamCountry "GER"]
[BlackTeamCountry "GER"]

1. e4 c5 2. Nf3 e6 3. d4 cxd4 4. Nxd4 a6 5. Nc3 Qc7 6. g3 b5 7. Bg2 Bb7 8. O-O
Nf6 9. Qe2 Bc5 10. Nb3 Bb4 11. Nd1 Be7 12. c3 O-O 13. Bf4 e5 14. Bg5 Nd5 15.
Bxe7 Nxe7 16. Ne3 f5 17. exf5 Bxg2 18. Kxg2 Nxf5 19. Nxf5 Rxf5 20. Qe4 Qc6 21.
Qxc6 Nxc6 22. Rad1 Rd8 23. Rd6 Rf6 24. Rfd1 Rxd6 25. Rxd6 Kf7 26. Nc5 Ke7 27.
Rd2 Nb8 28. Nb7 Rc8 29. Rd5 Rc7 30. Nc5 d6 31. Ne4 Rc6 32. Rd2 Nd7 33. f4 Nf6
34. Ng5 e4 35. Nh3 d5 36. Kf2 h6 37. Ke2 Ke6 38. Nf2 Rd6 39. h3 Nh5 40. Nh1 g5
41. fxg5 hxg5 42. Ke3 Rd8 43. h4 gxh4 44. gxh4 Rg8 45. Rh2 Ke5 46. a3 a5 47.
Re2 b4 48. cxb4 axb4 49. a4 Rc8 50. Kd2 d4 51. Rg2 e3+ 52. Kd3 Nf4# 0-1

[Event "LLO18/19"]
[Site "Mecklenburg-Vorpommern"]
[Date "2019.03.10"]
[Round "7.1"]
[White "Reinke, Thomas"]
[Black "Voelschow, Siegfried"]
[Result "1/2-1/2"]
[WhiteElo "1933"]
[BlackElo "1851"]
[PlyCount "122"]
[EventDate "2018.??.??"]
[EventType "team-tourn"]
[EventRounds "9"]
[EventCountry "GER"]
[WhiteTeam "Motor Wolgast"]
[BlackTeam "Waterkant Saal"]
[WhiteTeamCountry "GER"]
[BlackTeamCountry "GER"]

{[%evp 0,122,27,25,11,11,11,11,11,11,23,22,22,9,7,5,0,-22,4,0,0,-6,-10,-36,-28,
-17,-3,-11,-17,-18,-14,-14,-3,-10,15,15,17,-99,-99,-100,-103,-215,-198,-198,
-209,-294,-316,-308,-341,-362,-371,-465,-465,-478,-455,-29981,-902,-908,0,0,0,
0,-8,-23,-6,-6,0,-6,-2,-11,-2,-29,0,0,0,0,0,0,20,-54,0,0,18,18,0,0,0,0,0,0,0,
-52,-68,-62,-63,-57,-51,-113,-145,-145,-217,-217,-217,-217,-217,-224,-217,-217,
-217,-217,-217,-217,-217,-962,-217,-921,-217,-217,-217,-217,-217,-217,-217,
-217,-217]} 1. e4 e5 2. Nc3 Nf6 3. Bc4 Bc5 4. d3 h6 5. Nf3 d6 6. h3 Nc6 7. Na4
Bb6 8. c3 Qe7 9. O-O Be6 10. Nxb6 axb6 11. Bxe6 Qxe6 12. d4 Ne7 13. d5 Qd7 14.
Qd3 g5 15. Nh2 Ng6 16. b3 Nf4 17. Bxf4 gxf4 18. g4 h5 19. f3 Ke7 20. Kf2 hxg4
21. fxg4 Rh4 22. Kg2 Rah8 23. Rf3 Nh7 24. Rh1 Ng5 25. Nf1 Nxh3 26. Rhxh3 Qxg4+
27. Kh2 Rxh3+ 28. Rxh3 Rxh3+ $11 (28... f3 $1 $19) 29. Qxh3 Qe2+ 30. Kg1 Qxe4
31. Qc8 Qg6+ 32. Kh1 Qh5+ 33. Kg1 Qg6+ 34. Kh1 Qe4+ 35. Kg1 Qxd5 36. Qxc7+ Kf6
37. Qxb6 e4 38. Qd8+ Kg7 39. Qb6 Qg5+ 40. Kf2 Qh4+ 41. Ke2 Qg4+ 42. Ke1 Qf3 43.
Qxd6 Qxc3+ 44. Qd2 Qe5 45. Kd1 e3 46. Nxe3 fxe3 47. Qg2+ Kf8 48. Qxb7 Qd4+ 49.
Ke2 Qd2+ 50. Kf3 Qf2+ 51. Kg4 e2 (51... f5+) 52. Qb8+ Ke7 53. Qc7+ Kf6 54. Qd6+
Kg7 55. Qe5+ Kf8 56. Qd6+ Ke8 57. Qc6+ Ke7 58. Qc7+ Ke6 59. Qc6+ Ke5 60. Qc7+
Ke4 61. Qc4+ Ke5 1/2-1/2

[Event "LLO18/19"]
[Site "Mecklenburg-Vorpommern"]
[Date "2019.03.10"]
[Round "7.2"]
[White "Schwarz, Eckhard"]
[Black "Krasov, Oleksi"]
[Result "0-1"]
[WhiteElo "1867"]
[BlackElo "1900"]
[PlyCount "120"]
[EventDate "2018.??.??"]
[EventType "team-tourn"]
[EventRounds "9"]
[EventCountry "GER"]
[WhiteTeam "Waterkant Saal"]
[BlackTeam "Motor Wolgast"]
[WhiteTeamCountry "GER"]
[BlackTeamCountry "GER"]

1. Nf3 Nf6 2. b3 d5 3. Bb2 Nbd7 4. e3 g6 5. Be2 Bg7 6. O-O O-O 7. c4 c6 8. d4
b6 9. Nbd2 Bb7 10. Qc2 c5 11. cxd5 Nxd5 12. Rac1 Rc8 13. Qb1 a6 14. Rfd1 cxd4
15. Nxd4 Rxc1 16. Qxc1 Qc8 17. Nc4 Qc7 18. Qd2 e5 19. Nc2 Nc5 20. Bf3 e4 21.
Be2 Bxb2 22. Nxb2 b5 23. Nd4 Re8 24. b4 Ne6 25. Nxe6 Rxe6 26. Rc1 Rc6 27. Rxc6
Qxc6 28. Nd1 Kg7 29. f3 Nf6 30. Nc3 exf3 31. Bxf3 Qc7 32. Qd4 Bxf3 33. gxf3 Qd7
34. Qxd7 Nxd7 35. Nd5 Ne5 36. Kg2 Nc6 37. a3 Ne5 38. Nc7 Nc4 39. Nxa6 Nxe3+ 40.
Kf2 Nc4 41. Nc7 Nxa3 42. Ne8+ Kh6 43. Nd6 f6 44. Kg3 Kg5 45. f4+ Kh6 46. Kg4
Kg7 47. h3 Kf8 48. f5 Ke7 49. Ne4 Nc4 50. fxg6 hxg6 51. Nc3 Nd6 52. h4 Ke6 53.
Kf4 Kd7 54. Nd5 Ne8 55. Ke4 Nd6+ 56. Kf4 Ke6 57. Nc7+ Kf7 58. Kg4 Ke7 59. Nd5+
Ke6 60. Nc7+ Ke5 0-1

[Event "LLO18/19"]
[Site "Mecklenburg-Vorpommern"]
[Date "2019.03.10"]
[Round "7.3"]
[White "Riebort, Frank"]
[Black "Wiese, Frank"]
[Result "1/2-1/2"]
[WhiteElo "1870"]
[BlackElo "1899"]
[PlyCount "31"]
[EventDate "2018.??.??"]
[EventType "team-tourn"]
[EventRounds "9"]
[EventCountry "GER"]
[WhiteTeam "Motor Wolgast"]
[BlackTeam "Waterkant Saal"]
[WhiteTeamCountry "GER"]
[BlackTeamCountry "GER"]

1. d4 d5 2. c4 c6 3. Nc3 Nf6 4. e3 Bg4 5. Qc2 e6 6. Bd3 Be7 7. f3 Bh5 8. Nge2
dxc4 9. Bxc4 Bg6 10. e4 Nd5 11. Bxd5 exd5 12. O-O dxe4 13. fxe4 O-O 14. Be3 Na6
15. Qb3 Qb6 16. Qxb6 1/2-1/2

[Event "LLO18/19"]
[Site "Mecklenburg-Vorpommern"]
[Date "2019.03.10"]
[Round "7.4"]
[White "Onasch, Gunnar"]
[Black "Rosin, Ralf"]
[Result "1/2-1/2"]
[WhiteElo "1802"]
[BlackElo "1757"]
[PlyCount "64"]
[EventDate "2018.??.??"]
[EventType "team-tourn"]
[EventRounds "9"]
[EventCountry "GER"]
[WhiteTeam "Waterkant Saal"]
[BlackTeam "Motor Wolgast"]
[WhiteTeamCountry "GER"]
[BlackTeamCountry "GER"]

1. d4 e6 2. c4 f5 3. Nc3 Nf6 4. g3 Be7 5. Bg2 c6 6. Nf3 d5 7. Ne5 O-O 8. O-O
Nbd7 9. Bf4 Nxe5 10. Bxe5 Ng4 11. e3 Nxe5 12. dxe5 Qc7 13. f4 dxc4 14. Qe2 Bc5
15. Na4 Qa5 16. Nxc5 Qxc5 17. Rfd1 b5 18. Rd6 Bb7 19. Rad1 Rfe8 20. Rd7 Rab8
21. Kf2 Qf8 22. R1d2 Red8 23. Qd1 Rxd7 24. Rxd7 a5 25. Qd4 c5 26. Qd6 Qxd6 27.
exd6 Bxg2 28. Kxg2 a4 29. Rc7 Rd8 30. Rxc5 Rxd6 31. Rxb5 Rd2+ 32. Kf3 Rxh2
1/2-1/2

[Event "LLO18/19"]
[Site "Mecklenburg-Vorpommern"]
[Date "2019.03.10"]
[Round "7.5"]
[White "Klotzsche, Stefan"]
[Black "Richter, Frank"]
[Result "1/2-1/2"]
[WhiteElo "1720"]
[BlackElo "1754"]
[PlyCount "38"]
[EventDate "2018.??.??"]
[EventType "team-tourn"]
[EventRounds "9"]
[EventCountry "GER"]
[WhiteTeam "Motor Wolgast"]
[BlackTeam "Waterkant Saal"]
[WhiteTeamCountry "GER"]
[BlackTeamCountry "GER"]

1. Nf3 Nf6 2. d4 e6 3. g3 c5 4. e3 d5 5. Bg2 Nc6 6. O-O Bd6 7. b3 cxd4 8. exd4
O-O 9. Bb2 Bd7 10. Nbd2 Rc8 11. a3 b5 12. Ne5 Qc7 13. Nxd7 Nxd7 14. c4 bxc4 15.
bxc4 dxc4 16. Nxc4 Nb6 17. Rc1 Nxc4 18. Rxc4 Qb6 19. Qa1 Na5 1/2-1/2

[Event "LLO18/19"]
[Site "Mecklenburg-Vorpommern"]
[Date "2019.03.10"]
[Round "7.6"]
[White "Nickel, Reimo"]
[Black "Ploch, Gregor"]
[Result "0-1"]
[WhiteElo "1710"]
[BlackElo "1650"]
[PlyCount "124"]
[EventDate "2018.??.??"]
[EventType "team-tourn"]
[EventRounds "9"]
[EventCountry "GER"]
[WhiteTeam "Waterkant Saal"]
[BlackTeam "Motor Wolgast"]
[WhiteTeamCountry "GER"]
[BlackTeamCountry "GER"]

1. d4 Nf6 2. c4 c5 3. d5 b5 4. cxb5 a6 5. e3 axb5 6. Bxb5 Bb7 7. Bc4 g6 8. Qb3
Qc8 9. f3 Bg7 10. Bd2 O-O 11. Bc3 d6 12. Ne2 Nbd7 13. O-O Qc7 14. e4 Nb6 15.
Bb5 Rfb8 16. Bxf6 Bxf6 17. Nbc3 Ba6 18. a4 Nc8 19. Qc2 Rb6 20. Bxa6 Raxa6 21.
Nb5 Qb7 22. Nec3 Na7 23. Rab1 Nxb5 24. Nxb5 Ra8 25. Qc4 Qa6 26. b3 Qa5 27. Rfd1
Rc8 28. g3 Qa6 29. Kg2 Qb7 30. Rd3 Qd7 31. h3 Bg7 32. Rdd1 f5 33. Re1 Rf8 34.
f4 fxe4 35. Qxe4 Rb7 36. Qe6+ Qxe6 37. Rxe6 Rf5 38. Rd1 Kf7 39. Rxd6 Rxb5 40.
axb5 exd6 41. b6 Kg8 42. b7 Rf8 43. Re1 Kf7 44. Re6 Rb8 45. Rxd6 Rxb7 46. Rc6
Bd4 47. d6 Ke6 48. Rc7 Rxc7 49. dxc7 Kd7 50. c8=Q+ Kxc8 51. Kf3 Kc7 52. Ke4 Bf2
53. g4 Kd6 54. Kf3 Bh4 55. Ke4 Ke6 56. Kf3 Kd5 57. Ke3 Bg3 58. Kf3 Bh2 59. Ke3
h6 60. h4 h5 61. gxh5 gxh5 62. f5 Be5 0-1

[Event "LLO18/19"]
[Site "Mecklenburg-Vorpommern"]
[Date "2019.03.10"]
[Round "7.7"]
[White "Schellner, Ulf"]
[Black "Ehmann, Roland"]
[Result "1-0"]
[WhiteElo "1647"]
[BlackElo "1632"]
[PlyCount "68"]
[EventDate "2018.??.??"]
[EventType "team-tourn"]
[EventRounds "9"]
[EventCountry "GER"]
[WhiteTeam "Motor Wolgast"]
[BlackTeam "Waterkant Saal"]
[WhiteTeamCountry "GER"]
[BlackTeamCountry "GER"]

1. d4 d5 2. c4 c6 3. Nc3 f5 4. Nf3 e6 5. Bg5 Nf6 6. e3 Bd6 7. Bd3 Nbd7 8. O-O
O-O 9. Qb3 a6 10. Ne2 Qe8 11. Rac1 Ne4 12. Bf4 Bxf4 13. Nxf4 Kh8 14. Qd1 Qe7
15. a3 g5 16. cxd5 exd5 17. Ne2 g4 18. Nd2 Qg5 19. Nf4 Ndf6 20. f3 gxf3 21.
Nxf3 Qh6 22. Qe1 Rg8 23. Rc2 Ng4 24. Re2 Ng5 25. h3 Nf6 26. Nxg5 Rxg5 27. Rf3
Ne4 28. Bxe4 fxe4 29. Rg3 Bd7 30. Rxg5 Qxg5 31. Qb4 b5 32. Qd6 Qg7 33. Rf2 Re8
34. Nh5 Qe7 1-0

[Event "LLO18/19"]
[Site "Mecklenburg-Vorpommern"]
[Date "2019.03.10"]
[Round "7.8"]
[White "Nickel, Udo"]
[Black "Reimer, Karl"]
[Result "0-1"]
[WhiteElo "1604"]
[BlackElo "1635"]
[PlyCount "66"]
[EventDate "2018.??.??"]
[EventType "team-tourn"]
[EventRounds "9"]
[EventCountry "GER"]
[WhiteTeam "Waterkant Saal"]
[BlackTeam "Motor Wolgast"]
[WhiteTeamCountry "GER"]
[BlackTeamCountry "GER"]

1. d4 e6 2. c4 f5 3. Nc3 Nf6 4. Bf4 d6 5. Nf3 Be7 6. Qc2 O-O 7. e3 Nbd7 8. h3
b6 9. Be2 Bb7 10. O-O Ne4 11. Nd2 Nxd2 12. Qxd2 e5 13. dxe5 dxe5 14. Bh2 a6 15.
Rad1 Bd6 16. Qc2 Qg5 17. Nd5 f4 18. exf4 exf4 19. Bf3 Kh8 20. Qc3 Ne5 21. Rd4
Ng6 22. Nxb6 Bxf3 23. Qxf3 Ne5 24. Qe4 f3 25. g3 Rae8 26. Na4 Re6 27. Qh4 Qf5
28. Rf4 Qg6 29. Rxf8+ Bxf8 30. Qd8 Qf5 31. g4 Nxg4 32. hxg4 Qxg4+ 33. Bg3 Rf6
0-1

[Event "LLO18/19"]
[Site "Mecklenburg-Vorpommern"]
[Date "2019.03.10"]
[Round "7.1"]
[White "Burwitz, Joerg"]
[Black "Greinert, Timo"]
[Result "1/2-1/2"]
[WhiteElo "1727"]
[BlackElo "1827"]
[PlyCount "34"]
[EventDate "2018.??.??"]
[EventType "team-tourn"]
[EventRounds "9"]
[EventCountry "GER"]
[WhiteTeam "RUGIA Bergen"]
[BlackTeam "SAV Torgelow II"]
[WhiteTeamCountry "GER"]
[BlackTeamCountry "GER"]

1. d4 d5 2. Nf3 Bf5 3. g3 e6 4. Bg2 Nf6 5. Bg5 Nbd7 6. O-O c6 7. c3 Qb6 8. Qb3
Bd6 9. Bxf6 Nxf6 10. Qxb6 axb6 11. Nbd2 b5 12. a3 h5 13. Ne5 Bh7 14. f4 Ng4 15.
Bh3 Ne3 16. Rf3 Nc4 17. Ndxc4 bxc4 1/2-1/2

[Event "LLO18/19"]
[Site "Mecklenburg-Vorpommern"]
[Date "2019.03.10"]
[Round "7.2"]
[White "Kilp, Gunnar"]
[Black "Pawlick, Helmut"]
[Result "0-1"]
[WhiteElo "1677"]
[BlackElo "1834"]
[PlyCount "77"]
[EventDate "2018.??.??"]
[EventType "team-tourn"]
[EventRounds "9"]
[EventCountry "GER"]
[WhiteTeam "SAV Torgelow II"]
[BlackTeam "RUGIA Bergen"]
[WhiteTeamCountry "GER"]
[BlackTeamCountry "GER"]

1. d4 Nf6 2. Nf3 e6 3. Bf4 c5 4. c3 d5 5. Nbd2 Nc6 6. e3 Be7 7. Bd3 Bd7 8. Ne5
O-O 9. O-O cxd4 10. Nxc6 bxc6 11. cxd4 c5 12. dxc5 Bxc5 13. Nf3 Be7 14. Ne5 h6
15. Qe2 Qb6 16. Rfc1 Rfd8 17. Nxd7 Rxd7 18. Bb5 g5 19. Bg3 Rd6 20. Bxd6 Bxd6
21. Rc3 Qd8 22. Rac1 Kg7 23. Qc2 Ng4 24. h3 Ne5 25. Rc8 Rxc8 26. Qxc8 Qf6 27.
Qc3 h5 28. Be2 Kh6 29. Qd4 Qe7 30. Rc8 f5 31. f4 Ng6 32. fxg5+ Qxg5 33. Rd8 Qe7
34. Rh8+ Nxh8 35. Qxh8+ Qh7 36. Qf6+ Qg6 37. Qh8+ Qh7 38. Qe8 Qg6 39. a3 0-1

[Event "LLO18/19"]
[Site "Mecklenburg-Vorpommern"]
[Date "2019.03.10"]
[Round "7.3"]
[White "Tabbert, Dirk"]
[Black "Kilp, Andreas"]
[Result "1/2-1/2"]
[WhiteElo "1649"]
[BlackElo "1683"]
[PlyCount "62"]
[EventDate "2018.??.??"]
[EventType "team-tourn"]
[EventRounds "9"]
[EventCountry "GER"]
[WhiteTeam "RUGIA Bergen"]
[BlackTeam "SAV Torgelow II"]
[WhiteTeamCountry "GER"]
[BlackTeamCountry "GER"]

1. c4 e5 2. Nc3 Nf6 3. g3 c6 4. Bg2 d5 5. cxd5 Nxd5 6. Nxd5 cxd5 7. d4 e4 8.
Bd2 Nc6 9. e3 Be7 10. Ne2 O-O 11. O-O Bd6 12. Qb3 Ne7 13. Nc3 Bc7 14. Nb5 Bb6
15. Bb4 Re8 16. Nc3 Be6 17. Rac1 Nc6 18. Na4 Rc8 19. Rc3 Ba5 20. Bxa5 Nxa5 21.
Qc2 b6 22. b3 Qd7 23. Rc1 Nb7 24. Rxc8 Rxc8 25. Qxc8+ Qxc8 26. Rxc8+ Bxc8 27.
Nc3 Be6 28. Bf1 Nd6 29. h3 f5 30. Kg2 Kf7 31. f3 g5 1/2-1/2

[Event "LLO18/19"]
[Site "Mecklenburg-Vorpommern"]
[Date "2019.03.10"]
[Round "7.4"]
[White "Schmidt, Paul1"]
[Black "Pawlowicz, Karsten"]
[Result "1-0"]
[WhiteElo "1704"]
[BlackElo "1635"]
[PlyCount "59"]
[EventDate "2018.??.??"]
[EventType "team-tourn"]
[EventRounds "9"]
[EventCountry "GER"]
[WhiteTeam "SAV Torgelow II"]
[BlackTeam "RUGIA Bergen"]
[WhiteTeamCountry "GER"]
[BlackTeamCountry "GER"]

1. e4 c5 2. d4 cxd4 3. c3 dxc3 4. Nxc3 Nc6 5. Nf3 d6 6. Bc4 Be6 7. Bxe6 fxe6 8.
Ng5 Qd7 9. Qh5+ g6 10. Qh3 Nf6 11. Qxe6 Qxe6 12. Nxe6 Kd7 13. Nxf8+ Rhxf8 14.
Bh6 Rg8 15. Bg5 Rgf8 16. f3 Ne5 17. O-O-O Rac8 18. Kb1 Rc6 19. Rhe1 a6 20. Bf4
Nf7 21. e5 Nh5 22. exd6 exd6 23. Be3 Rfc8 24. Nd5 Rf8 25. Bd4 Ng5 26. Re7+ Kd8
27. Rde1 Kc8 28. Nb6+ Rxb6 29. Bxb6 Nf4 30. Rc7+ 1-0

[Event "LLO18/19"]
[Site "Mecklenburg-Vorpommern"]
[Date "2019.03.10"]
[Round "7.5"]
[White "Behrens, Christoph"]
[Black "Schmekel, Felix"]
[Result "1/2-1/2"]
[WhiteElo "1621"]
[BlackElo "1649"]
[PlyCount "83"]
[EventDate "2018.??.??"]
[EventType "team-tourn"]
[EventRounds "9"]
[EventCountry "GER"]
[WhiteTeam "RUGIA Bergen"]
[BlackTeam "SAV Torgelow II"]
[WhiteTeamCountry "GER"]
[BlackTeamCountry "GER"]

1. e4 g6 2. d4 Bg7 3. Nf3 d6 4. Be3 Nd7 5. c3 e5 6. dxe5 Nxe5 7. Nxe5 Bxe5 8.
Nd2 Qe7 9. Qc2 Bd7 10. Bd3 Bg7 11. Qb3 Bc6 12. Bb5 Qd7 13. Bxc6 Qxc6 14. Qc4
Ne7 15. O-O Qxc4 16. Nxc4 Nc6 17. f3 O-O 18. Rad1 f5 19. exf5 Rxf5 20. Bc1 Rc5
21. Ne3 Bh6 22. Ng4 Bxc1 23. Rxc1 h5 24. Nf6+ Kf7 25. Ne4 Ra5 26. a3 Re5 27.
Nd2 Rae8 28. Rcd1 Na5 29. b4 Nc6 30. Nc4 Re2 31. Rf2 Kf6 32. Nd2 Re1+ 33. Rf1
R1e3 34. Kf2 Rxc3 35. Ne4+ Rxe4 36. fxe4 Rxa3 37. Ra1 Rxa1 38. Rxa1 a6 39. Rb1
Ke5 40. Ke3 Nd4 41. Kd3 Nb5 42. Rf1 1/2-1/2

[Event "LLO18/19"]
[Site "Mecklenburg-Vorpommern"]
[Date "2019.03.10"]
[Round "7.7"]
[White "Feldt, Horst"]
[Black "Schmekel, Matthias"]
[Result "1/2-1/2"]
[WhiteElo "1561"]
[BlackElo "1588"]
[PlyCount "136"]
[EventDate "2018.??.??"]
[EventType "team-tourn"]
[EventRounds "9"]
[EventCountry "GER"]
[WhiteTeam "RUGIA Bergen"]
[BlackTeam "SAV Torgelow II"]
[WhiteTeamCountry "GER"]
[BlackTeamCountry "GER"]

1. d4 f5 2. c4 d6 3. Nc3 g6 4. g3 Nf6 5. Bg2 Bg7 6. Bg5 h6 7. Bxf6 Bxf6 8. Nf3
O-O 9. O-O Bg7 10. e3 Qe8 11. Qc2 e5 12. dxe5 dxe5 13. Rad1 Rf7 14. Rd2 c6 15.
Rfd1 Rd7 16. Nh4 Kh7 17. Rd6 Rxd6 18. Rxd6 Be6 19. b3 Na6 20. Bf1 Bf8 21. Rd1
Be7 22. Nf3 Qh8 23. Na4 Qf6 24. Qc3 Nb4 25. Qxe5 Qxe5 26. Nxe5 Nxa2 27. Ra1 Nb4
28. Nb6 Rd8 29. Rxa7 Bf6 30. Rxb7+ Bg7 31. Nbd7 Kg8 32. Rxb4 Bxd7 33. Nxd7 Rxd7
34. c5 Kf8 35. Be2 Rd2 36. Bf3 Rc2 37. Rb8+ Kf7 38. Rb7+ Kf6 39. b4 h5 40. Bxc6
Bf8 41. Bd5 Ke5 42. Bf3 Rb2 43. Rb5 Ke6 44. Kg2 Kd7 45. c6+ Kc8 46. Ra5 Rxb4
47. Ra8+ Rb8 48. Ra7 Bc5 49. Rb7 Rxb7 50. cxb7+ Kc7 51. Bd5 g5 52. Kf3 Bd6 53.
h3 Kd7 54. Ke2 f4 55. g4 hxg4 56. hxg4 fxe3 57. fxe3 Bb8 58. Kf3 Ke7 59. Ke4
Kf6 60. Kd4 Ba7+ 61. Kc4 Ke5 62. Bf3 Kd6 63. Kb5 Kc7 64. e4 Kxb7 65. e5+ Kc7
66. Be4 Kd7 67. Kc4 Ke7 68. Kd5 Be3 1/2-1/2

[Event "LLO18/19"]
[Site "Mecklenburg-Vorpommern"]
[Date "2019.03.10"]
[Round "7.8"]
[White "Wolfgramm, Theo"]
[Black "Eckfeld, Tim"]
[Result "0-1"]
[WhiteElo "1648"]
[BlackElo "1292"]
[PlyCount "109"]
[EventDate "2018.??.??"]
[EventType "team-tourn"]
[EventRounds "9"]
[EventCountry "GER"]
[WhiteTeam "SAV Torgelow II"]
[BlackTeam "RUGIA Bergen"]
[WhiteTeamCountry "GER"]
[BlackTeamCountry "GER"]

1. e4 e5 2. Nf3 Nc6 3. Bc4 Bc5 4. d3 h6 5. c3 Nf6 6. h3 d5 7. exd5 Nxd5 8. Qe2
O-O 9. Nbd2 Nf4 10. Qf1 Bf5 11. Ne4 Bb6 12. Bxf4 Bxe4 13. dxe4 exf4 14. Bd3 Qf6
15. Qe2 Ne5 16. Nxe5 Qxe5 17. O-O Rad8 18. Rad1 c6 19. Qf3 Rd7 20. Bc2 Rfd8 21.
Rxd7 Rxd7 22. Rd1 Rxd1+ 23. Qxd1 Qe6 24. b3 Kf8 25. Qd2 Bc7 26. c4 Qd6 27.
Qxd6+ Bxd6 28. Kh2 Ke7 29. g3 fxg3+ 30. fxg3 Ke6 31. Kg2 Ke5 32. Kf3 g6 33. g4
Kd4 34. a4 Kc3 35. Bd1 Kd2 36. Be2 Kc2 37. Ke3 Kxb3 38. Kd4 f6 39. Bd1+ Kb4 40.
Bc2 Be5+ 41. Kd3 a6 42. Bd1 b5 43. cxb5 cxb5 44. axb5 Kxb5 45. Kc2 Kb4 46. Kd3
a5 47. Bc2 a4 48. Bxa4 Kxa4 49. Kc4 g5 50. Kd5 Kb4 51. Ke6 Kc4 52. Kf5 Kd4 53.
Kg6 Kxe4 54. Kh5 Kf4 55. Kg6 0-1